[Event "Cappelle op 32nd"]
[Site "Cappelle la Grande"]
[Date "2016.02.20"]
[Round "9"]
[White "Gurevich, Mikhail"]
[Black "Iturrizaga Bonelli, Eduardo"]
[Result "0-1"]
[WhiteElo "2542"]
[BlackElo "2624"]
[Annotator "Primel,D"]
[PlyCount "80"]
[EventDate "2016.02.13"]
[EventType "swiss"]
[EventRounds "9"]
[EventCountry "FRA"]
[SourceTitle "EXT 2017"]
[Source "ChessBase"]
[SourceDate "2016.10.25"]
[SourceVersion "1"]
[SourceVersionDate "2016.10.25"]
[SourceQuality "1"]
[TimeControl "40/5400+30:1800+30"]
[WhiteClock "0:33:19"]
[BlackClock "0:31:05"]

1. c4 Nf6 2. Nc3 c5 3. g3 d5 4. cxd5 Nxd5 5. Bg2 Nc7 6. Qb3 Nd7 7. Nf3 e5 8.
O-O Be7 9. e3 f5 $146 (9... O-O 10. Rd1 b5 11. d4 exd4 12. exd4 c4 13. Qc2 Rb8
14. Bf4 g5 15. Be3 f6 16. d5 Bc5 17. Nd4 Qe8 18. Ne6 Bd6 19. Ne4 Be5 20. Nxf8
Qxf8 21. f4 gxf4 22. gxf4 Bd6 23. Nxd6 Qxd6 24. Bxa7 Ra8 25. Bf2 Bb7 26. b3 Kh8
27. bxc4 bxc4 28. Qxc4 Rg8 29. Bg3 Nb6 30. Qd4 Nbxd5 31. f5 Qa6 32. Rab1 Bc8
33. a4 Qe2 34. Rd2 {1-0 (34) Hungaski,R (2478)-Macedo,M (2316) Natal 2016}) 10.
e4 f4 11. gxf4 exf4 12. d4 g5 13. Rd1 Rf8 14. dxc5 g4 15. e5 gxf3 16. Bxf3 Bxc5
17. Bh5+ Ke7 18. e6 Rf5 19. Bf7 (19. exd7 Bxd7 20. Bg4 Qg8 21. Rxd7+ $1 Kxd7
22. Qd1+ {[%cal Gd1d7,Gd1g4]}) 19... Qh8 20. Ne4 Qe5 21. Qf3 Nxe6 22. Bxe6 Kxe6
23. Bd2 Kf7 24. Bc3 Qe7 25. Ng3 Ne5 26. Qd5+ Be6 27. Nxf5 Qg5+ 28. Qg2 Rg8 29.
Ng3 fxg3 30. Qxb7+ Qe7 31. Qxe7+ Kxe7 32. hxg3 Rxg3+ 33. Kh2 Rh3+ 34. Kg2 Nd3
35. Rh1 Nf4+ 36. Kg1 Ne2+ 37. Kg2 Nf4+ 38. Kg1 Rg3+ 39. Kf1 Bh3+ 40. Ke1 Rg2
0-1

[Event "Belgrade RAD 30"]
[Site "Belgrade"]
[Date "1977.01.28"]
[Round "11.4"]
[White "Bukic, Enver"]
[Black "Smejkal, Jan"]
[Result "0-1"]
[WhiteElo "2480"]
[BlackElo "2575"]
[Annotator "Primel,D"]
[PlyCount "114"]
[EventDate "1977.01.15"]
[EventType "tourn"]
[EventRounds "13"]
[EventCountry "SRB"]
[EventCategory "9"]
[SourceTitle "EXT 2018"]
[Source "ChessBase"]
[SourceDate "2017.10.13"]
[SourceVersion "1"]
[SourceVersionDate "2017.10.13"]
[SourceQuality "1"]
[TimeControl "40/9000:16/5400:0"]

1. Nf3 Nf6 2. c4 c5 3. Nc3 d5 4. cxd5 Nxd5 5. e4 Nb4 6. Bb5+ (6. Bc4) 6... N8c6
7. a3 (7. d4 $142 $1 {Ce coup n'était pas connu à l'époque}) 7... Nd3+ 8.
Ke2 Nf4+ 9. Kf1 Ne6 10. b4 Ned4 $15 11. Bc4 $146 (11. bxc5 Nxb5 12. Nxb5 a6 13.
Nc3 e5 14. Na4 Qd3+ 15. Qe2 Qb3 16. Nc3 Bxc5 17. Rb1 Qe6 18. Nd5 Qd6 19. d3 O-O
20. Be3 Bxe3 21. fxe3 Qxa3 22. Kf2 b5 23. Rhc1 Bb7 24. Nh4 Ne7 25. Nb6 Rad8 26.
Rc7 Bc8 27. Rbc1 Be6 28. Nf3 Qd6 29. Nxe5 Qxe5 30. Rxe7 Qf6+ 31. Kg1 Qxe7 {
0-1 (31) Gufeld,E-Timoscenko,G Kishinev 1975}) 11... Nxf3 12. Qxf3 e6 13. b5
Ne5 14. Qe2 Nxc4 15. Qxc4 Be7 16. d3 O-O 17. Be3 b6 18. Ke2 Bf6 $17 {[%csl Gc8,
Rd3,Gd4,Gf6] la position Blanche est déjà trés difficile face à la paire
de B} 19. Rhe1 (19. a4 Bb7 (19... a6 $5) 20. a5 $1 Qd7 21. a6 $132 {[%csl Ra7,
Rb6]}) 19... Bb7 20. Kf1 Qd7 21. a4 Rfd8 22. Rad1 $6 (22. Red1 $5 {[%cal Ga4a5]
Un moindre mal} a6) 22... a6 $1 23. bxa6 (23. Rb1 axb5 24. axb5 Ra5) 23... Rxa6
24. Rd2 Bxc3 25. Qxc3 Rxa4 26. Rb1 Qd6 27. Kg1 Ba6 28. Rbd1 h6 (28... e5 {
[%csl Rd3]}) 29. h3 e5 30. f3 Ra8 $36 {[%cal Ga6c8]} 31. Rb1 Bc8 32. Rdb2 R8a6
{C'est probablement déjà gagnant pour les Noirs} 33. Kh2 Be6 34. Rd2 Ra3 35.
Qc2 Kh7 36. Qd1 Ra8 37. Qc2 Rd8 $40 38. Rbd1 Qb8 $1 {[%cal Gb8a7,Ga7a6,Ga6d3]
La majorité Noire n'est pas facile à mobiliser mais les Noirs vont trouver
une jolie manoeuvre pour activer la Q} 39. Rb1 Qa7 40. Bf2 Qa6 {[%cal Ga6d3,
Ga3d3,Gd8d3] Ajournement} 41. Bg3 f6 42. Rb2 Bf7 43. Rd1 Rd6 44. Rdb1 Qa7 45.
Bf2 Qc7 46. Be1 Qd8 47. Bf2 Rdxd3 48. Rxb6 Rd2 49. Qxc5 Raa2 $19 50. Kg1 Rxf2
51. Qxf2 Rxf2 52. Kxf2 Qd2+ 53. Kg1 h5 54. Rb7 Be6 55. R7b6 Bf7 56. R1b2 Qe3+
57. Kh2 h4 0-1

[Event "Rohde op 08th"]
[Site "Sautron"]
[Date "2008.10.29"]
[Round "6"]
[White "Lalic, Bogdan"]
[Black "Spassov, Liuben"]
[Result "1-0"]
[WhiteElo "2531"]
[BlackElo "2417"]
[Annotator "Primel,D"]
[PlyCount "75"]
[EventDate "2008.10.25"]
[EventType "swiss"]
[EventRounds "9"]
[EventCountry "FRA"]
[SourceTitle "EXT 2009"]
[Source "ChessBase"]
[SourceDate "2008.11.26"]
[SourceVersion "1"]
[SourceVersionDate "2008.11.26"]
[SourceQuality "1"]

1. c4 Nf6 2. Nc3 c5 3. g3 d5 4. cxd5 Nxd5 5. Bg2 Nc7 6. Qa4+ (6. Nf3 {La
grande ligne de la variante Rubinstein} Nc6 7. O-O e5 8. d3 Be7 (8... f6)) 6...
Qd7 (6... Nd7 7. Nf3) (6... Bd7 7. Qb3 Bc6 (7... Nc6 8. Qxb7 Nd4 9. Kf1) 8.
Bxc6+ Nxc6 9. Qxb7 Nd4 10. Qe4) 7. Nf3 ({Plus courant} 7. Qxd7+) 7... Qxa4 $6 {
Cette idée du GMI Mikhalevski est assez douteuse car les noirs ont un retard
de développement.} (7... Nc6 $142 8. O-O e5 9. e3) 8. Nxa4 Nd7 (8... Ne6 $5 {
[%csl Gd4][%cal Ge6c5,Ge6d4]} 9. b3 Nc6 10. Ba3 Nb4 11. Kd1 a5 12. Nb6 Rb8 13.
Nxc8 Rxc8 14. Ne5 Rb8 15. Nc4 b6 16. Bb2 Nd8 17. Be5) 9. d4 $1 {Il faut ouvrir
le jeu pour profiter de l'avance de développement et Lalic va faire une
démonstration technique digne du GMI Andersson des années 80!} cxd4 10. Nxd4 e5
11. Nb3 Bb4+ 12. Bd2 Bxd2+ 13. Kxd2 $16 {[%csl Ra8,Rb7,Rc8,Gg2][%cal Gg2b7,
Gh1c1] Les blancs ont une bonne finale} Nb6 14. Rhc1 $1 $32 Ne6 15. Nac5 $1 {
[%csl Rb7,Gc5] Les blancs posent sans cesse une série de petits problèmes aux
noirs} Rb8 (15... Nxc5 16. Rxc5 {[%cal Ga1c1]}) 16. Na5 $1 $36 {[%cal Gc5b7,
Ga5b7,Gg2b7]} Nxc5 $6 (16... Nd8 17. Rc3 {[%cal Ga1c1]} O-O 18. Rac1 f5 19. Ke1
(19. b3) 19... e4 {[%csl Rg2]} 20. f3 $1) 17. Rxc5 {[%cal Gc5e5] Gagnant un
nouveau tempo} f6 18. Rac1 O-O 19. Rc7 $1 Be6 20. b3 Rfd8+ 21. Ke1 Bd5 22.
Bxd5+ (22. e4 Be6 23. Nxb7 Rd7 24. Na5) 22... Nxd5 23. Rxb7 Rxb7 24. Nxb7 Rd7
25. Rc8+ Kf7 26. Nc5 Re7 $146 {Le bulgare avait forcément connaissance de la
partie de Tkachiev mais il n' a pas réussi а améliorer la position des noirs .}
(26... Nb6 {Tkachiev,V (2672)-Mikhalevski,V (2523) EU-ch 2nd Ohrid 2001 (3) 1-0
}) 27. Kd2 Kg6 28. e4 Nc7 29. a4 {[%csl Gb5]} Kf7 (29... Ne6) 30. b4 Ne6 31.
Kc3 $18 Nd4 32. b5 {[%csl Ra7]} (32. f4 Nf3 33. b5 Nxh2 34. a5 {[%cal Gb5b6,
Gb6b7,Gb7b8]}) 32... g5 33. Kc4 Nc2 34. a5 Na3+ 35. Kb4 Nc2+ 36. Ka4 Nd4 37. b6
axb6 38. axb6 {[%mdl 4128]} 1-0

[Event "FRA Cup 16eme"]
[Site "Paris"]
[Date "2006.04.16"]
[Round "?"]
[White "Fridman, Daniel"]
[Black "Vachier Lagrave, Maxime"]
[Result "0-1"]
[WhiteElo "2559"]
[BlackElo "2576"]
[Annotator "Primel,D"]
[PlyCount "92"]
[EventDate "2006.04.16"]
[EventType "team-tourn"]
[EventRounds "1"]
[EventCountry "FRA"]
[SourceTitle "EXT 2010"]
[Source "ChessBase"]
[SourceDate "2010.11.25"]
[SourceVersion "1"]
[SourceVersionDate "2010.11.25"]
[SourceQuality "1"]
[WhiteTeam "Chess XV"]
[BlackTeam "Nao"]
[WhiteTeamCountry "FRA"]
[BlackTeamCountry "FRA"]

1. Nf3 Nf6 2. c4 c5 3. Nc3 Nc6 (3... g6 4. e4 d6 5. d4 cxd4 6. Nxd4 Bg7 7. Be2
O-O 8. O-O Nc6 9. Be3 Bd7 10. Qd2 Nxd4 11. Bxd4 Bc6 12. f3 Nd7 13. Be3 a5 14.
b3 Nc5 15. Rab1 f5 $5 16. exf5 Rxf5 (16... gxf5 $142) 17. Bd1 $14 {Primel,D 
(2129)-Vachier Lagrave,M (2358) Championnat de Paris 2002 (2) 0-1}) 4. e3 {
solide mais pas trés ambitieux} (4. g3 g6 {La symétrie mène а des positions
trés annulantes.}) (4. d4 {La grande ligne} cxd4 5. Nxd4 e6) 4... e5 5. a3 {
[%cal Ga1b1,Gb2b4] Temps de réflexion noté sur la feuille de partie du
français (la cadence était d'1h40 + 30 S par coups pour 40 coups, puis une
phase ko: 1h30} Be7 {(1h28)} ({RR} 5... d6 6. Be2 ({RR} 6. d4 exd4 7. exd4 Bg4)
6... g6 7. d4 exd4 8. exd4 Bg7 9. Bf4 ({RR} 9. dxc5 dxc5 10. Qxd8+ Nxd8 11. Nb5
Ne6 ({RR} 11... O-O 12. Nc7 Rb8 13. Bf4) 12. Nd6+ Ke7 13. Nxc8+ Raxc8) 9... O-O
10. O-O ({RR} 10. dxc5 dxc5 11. Bd6 Re8 12. Bxc5 Qxd1+ 13. Rxd1 Nd7 ({RR} 13...
Ng4 14. Nb5) 14. Be3 Bxc3+ 15. bxc3 Nde5) 10... Bf5 11. d5 ({RR} 11. dxc5 dxc5
12. Bd6 Bc2 13. Qxc2 Qxd6) 11... Ne7 12. Nd2 ({RR} 12. Qd2 Ne4 13. Nxe4 Bxe4)
12... h6 13. h4 ({RR} 13. g4 Bc8 14. h4 ({RR} 14. f3 g5 15. Bg3 Ng6) 14... a6
15. f3 b5) 13... Bc8 14. g3 ({RR} 14. Nb5 Ne8 15. Ne4 Nf5) 14... Nf5 15. Nb3 a6
16. a4 Re8 17. Bf3 ({RR} 17. Bd3 Nh7 18. Qc2 Bd7) 17... Nd7 18. Qd2 Ne5 ({RR} 
18... Qb6) 19. Bxe5 ({RR} 19. Be2 Nd4 20. Nxd4 cxd4 21. Bxe5 ({RR} 21. Nd1 d3)
21... dxe5 22. Nd1 e4) 19... Bxe5 20. Bg2 {Kramnik,V (2710)-Kamsky,G (2695)/
New York 1994/CBM 042/[Ftacnik]/1/2-1/2 (36)} {RR} Qb6 21. Ra3 Bd7 22. a5 Qb4
23. Qd3 b5 24. axb6 Qxb6) 6. Qc2 {Un système un peu lent et 6.d4 a meilleure
réputation théorique} (6. d4 $142 cxd4 7. exd4 exd4 8. Nxd4 d5 {Benjamin,J 
(2620)-Kramnik,V (2710) Groningen PCA 1993 (2) 1/2} (8... O-O $142 9. Nc2 {
[%csl Gd5]} b6 10. Bf4 Ba6 11. b4 Bb7 12. Be2 d6 13. O-O Ne5 14. Ne3 Rc8 15.
Rc1 Re8 16. Qd2 Bf8 17. Rfd1 h6 18. Bg3 Re6 19. Qd4 Nc6)) (6. Bd3 $5 O-O 7. O-O
d5 $1 8. cxd5 Nxd5 $32) 6... O-O 7. Bd3 {(1h26)} ({RR} 7. Nd5 d6 8. Bd3 g6 9.
Nxf6+ Bxf6 10. Be4 Bg7 11. d3 Ne7 12. Nd2 Rb8 13. Rb1 b5 14. b3 Be6 15. Bf3 a6
16. Bb2 Qd7 17. O-O Rbc8 18. Rbc1 f5 19. Be2 d5 20. cxd5 Bxd5 21. e4 Bb7) 7...
h6 {(1h23)} (7... g6 $143 {[%csl Ge7,Rh6];Eingorn,V (2597)-Baklan,V (2571)
Ordzhonikidze zt 1.9 2000 (4) 1/2}) 8. O-O $146 {1h22 problement toujours dans
la préparation car les blancs jouent vite.} (8. b3 d6 9. Bb2 Be6 10. O-O Ne8
11. Be4 Nc7 12. d3 Qd7 13. Rfd1 Bg4 14. h3 Bh5 15. Qe2 f5 16. Bd5+ Nxd5 17.
cxd5 Nd8 18. Nxe5 Bxe2 19. Nxd7 Bxd1 20. Nxf8 Bxb3 21. Ng6 Bf6 22. Nd1 Bxb2 {
Schlosser,P (2505)-Miton,K (2415)/Groningen 1998/EXT 2000/0-1 (42)}) 8... d6 {
1H22 égalité parfaite au temps!} 9. Rb1 {c'est le plan naturel mais les noirs
vont prendre l'initiative après la poussée b4 et il fallait peut-être jouer un
autre plan.} (9. b3 $5 Be6 10. Bb2 Rc8 11. Bf5 $5 {[%csl Ge6]} Qd7 12. Bxe6
Qxe6 13. d4 $1 (13. d3 $143 Rfd8 $11) 13... cxd4 14. exd4 Nxd4 15. Nxd4 exd4
16. Nb5 d5 {[%cal Gc8c2]} 17. Rfe1 Ne4 18. Bxd4 $36 {[%cal Gd4a7,Gf2f3]} a6 (
18... Qg6) (18... Qf5 19. Nxa7 Rce8 20. f3 Nd6 21. Qc3 $16 {[%csl Rg7]}) 19.
Nc3 {[%cal Gc4d5,Gc3e4]} f5 {Si les noirs sont contraints de jouer un coup
affaiblissant comme "f5" est le signe que les blancs ont pris l'initiative.}
20. cxd5 Qd7 21. Qd3 $14 {le milieu de jeu est plus agréable а jouer pour les
blancs que dans la partie.}) 9... Be6 {[%cal Gd6d5] les noirs ont un jeu facile
} 10. b4 $6 {Le P"b5" sera ensuite une faiblesse} (10. b3 $142 {La Rb1 sera
mal placée en fin de variante mais c'était un moindre mal que de se créer une
faiblesse "b4"} d5 11. cxd5 Nxd5 12. Bb2 f5 $11) 10... cxb4 {1h21 joué а tempo}
11. axb4 d5 $1 $36 {[%csl Rb4]} 12. cxd5 {1h05} Nxd5 {1h19} 13. Nxd5 {1H05}
Bxd5 $15 {[%csl Rc1,Rc2,Rd3,Rf3] les pièces blanches sont mal coordonnées} 14.
Ba3 {1H05} a5 $1 {(1h08) Peut-être le 1er coup hors préparation car les noirs
ont dépensé plus de 10mns sur cette réponse.} 15. b5 {(57mns)} Nb4 {[%csl Gb4]
[%cal Gb4c2,Gb4d3] (1h07)} (15... Bxf3 16. gxf3 Nb4 {[%csl Gb4][%cal Gb4c2,
Gb4d3]} 17. Bxb4 Bxb4) (15... Bxa3 16. bxc6 Bxc6 $11) 16. Bxb4 {(53ms)} Bxb4
$17 {[%csl Ga5,Gb4,Gd5] (1h06) Les noirs sont déjà nettement mieux avec la
paire de B et un P passé "a"} 17. Bf5 {44ms A nouveau le signe que les blancs
sont en difficulté car ils dépensent beaucoup de temps dans cette phase de jeu.
} (17. Nxe5 $2 Qg5 {[%cal Gg5g2,Gg5e5]} 18. e4 Qxe5 19. exd5 Qxd5 $17 {[%csl
Rd2]}) 17... Re8 $5 {48mns une longue réflexion des noirs sur le dernier coup
pour évaluer s'il est intéressant de gagner un P avec Bf3 ou plutôt de garder
la paire de B.} (17... Bxf3 $5 18. gxf3 Qd5 {[%cal Gd5f3,Gd5b5]} 19. Rfc1 Qxb5
(19... Qxf3 20. Qe4 Qxe4 21. Bxe4 {[%csl Rb7]} Rab8 {[%csl Rb8]})) 18. e4 {
(28mns) les blancs commencent а être mal au temps.} Be6 {49mns} 19. Bxe6 {
(29mns)} Rxe6 20. Rfc1 {(27mns)} Qd7 $1 {[%cal Gd7b5] (48mns)} 21. Qc4 {(23mns)
} (21. Qc7 Qxb5 22. d4 $1 $44 f6) 21... Rae8 $40 {(45mns) Les pièces noires
deviennent trés actives.} 22. Kf1 {(09mns56)} Rb6 {[%csl Rb5] Le P "b5" va
tomber (44mns)} 23. Ne1 {(10mns) les blancs ont non seulement une position
trés difficile mais également un zeinot а gérer.} Rd8 {(41mns)} (23... Qxd2 24.
Nd3 {[%cal Gd3b4]}) 24. d4 $2 $138 {(06mns15)} {La position blanche craque}
Qxd4 25. Qxd4 Rxd4 26. Rc8+ {(07mns)} Kh7 $19 {(38mns)} 27. f3 {(07mns23)} Rxb5
$17 {Les noirs ne risquent rien et ils vont ensuite assurer le gain technique 
(37mns)} 28. Nc2 {(07mns49)} Rd2 {(29)} 29. Rc4 {(6mns)} Rd6 {(30mns)} 30. Ke2
{(04mns11)} Rc6 {(29)} 31. Rxc6 {(04mns32)} bxc6 {(29)} 32. Kd3 {(03mns49)} Kg6
{(27mns)} 33. Rb3 {03mns49} Bc5 {(25mns)} 34. Rc3 {(4mns16)} a4 35. Kc4 $2 {
(01mn56)} Bg1 {(23mns)} 36. Kd3 {01mn23)} Rb3 $1 {[%csl Rc3][%cal Gb3d3] 23mns}
37. Rxb3 {(1h15)} axb3 38. Na3 {(1mn28)} Bxh2 {(23mns)} 39. Nc4 {01mn40} Kg5 {
21mns} 40. Nd6 Kf4 41. Nxf7 Kg3 42. Nxe5 Kxg2 43. Nxc6 h5 44. e5 h4 $2 45. f4
Bxf4 46. e6 Bd6 (46... b2) 0-1

[Event "Hans & Lenze"]
[Site "Lippstadt"]
[Date "1998.08.08"]
[Round "10"]
[White "Claesen, Pieter"]
[Black "Prusikin, Michael"]
[Result "0-1"]
[WhiteElo "2430"]
[BlackElo "2430"]
[Annotator "Prusikin,M"]
[PlyCount "80"]
[EventDate "1998.07.30"]
[EventType "tourn"]
[EventRounds "11"]
[EventCountry "GER"]
[EventCategory "8"]
[SourceTitle "CBM 065 Extra"]
[Source "ChessBase"]
[SourceDate "1998.09.09"]
[SourceVersion "1"]
[SourceVersionDate "1998.09.09"]
[SourceQuality "1"]

1. c4 c5 2. Nc3 b6 3. Nf3 Bb7 4. e4 d6 5. d4 cxd4 6. Nxd4 Nf6 7. Bd3 g6 8. O-O
Bg7 9. Bg5 Nbd7 10. Qe2 O-O 11. Rad1 Rc8 $146 (11... a6 12. Bb1 Qb8 13. Rd2 Ra7
14. Nd5 Re8 15. Bc2 e6 16. Nxf6+ Nxf6 17. Rfd1 d5 18. e5 Ne4 19. Bxe4 Qxe5 20.
cxd5 Qxg5 21. dxe6 Bxe4 22. Qxe4 Rae7 23. exf7+ Kxf7 24. Nf3 Qb5 25. Qh4 Kg8
26. Rd8 Rxd8 27. Rxd8+ Re8 28. a4 Qc6 29. Rxe8+ Qxe8 30. Qc4+ Kh8 31. Qxa6 Qc6
32. a5 Qc1+ 33. Qf1 Qxb2 34. a6 Bf8 35. h4 Bc5 36. Qe1 Qa2 37. Ng5 Kg7 38. Qe5+
Kh6 39. Qf4 Kg7 40. Qc7+ Kf6 41. Ne4+ {1-0 (41) Tal,M (2600)-Shvidler,E (2425)
Berlin West 1986}) 12. f4 Qc7 13. Nf3 Rfe8 $6 (13... Nc5 $11) 14. f5 $1 $14 Ne5
$6 (14... Qb8) 15. Nb5 (15. Nxe5 $1 Qc5+ 16. Kh1 Qxe5 17. Bf4 Qc5 18. Nd5 $16)
15... Nxf3+ 16. Rxf3 Qb8 17. fxg6 $2 (17. Rh3 $16) 17... hxg6 18. Rdf1 {[#]} (
18. Nc3 $5 Qc7 19. Rdf1 (19. Nd5 Nxd5 20. exd5 e6 $17) 19... Qc5+ 20. Be3 Qe5
$11) 18... Rc5 $3 19. Bf4 (19. h4 Re5 $15) 19... Rh5 $1 20. Bg3 Rh7 $1 21. Bc2
a6 22. Nc3 (22. Nxd6 $1 exd6 23. Rxf6 Bxf6 24. Rxf6 $132) 22... Nh5 23. Rxf7 $4
(23. Bf2 Be5 (23... d5 24. Rxf7 $1) 24. h3 {Hier besteht die Stockfish zwar
auf Ausgleich, nach mneschlichem Ermessen sieht die Stellung jedoch aufgrund
der besseren Bauernstruktur angenehmer für Schwarz aus.}) 23... Nxg3 $19 (
23... Bd4+ $2 24. Bf2 Rxf7 25. Bxd4 $11) 24. Rxg7+ (24. hxg3 Bd4+ $19) 24...
Kxg7 25. hxg3 Qc8 26. b4 Rf8 27. Rxf8 Qxf8 28. e5 dxe5 29. Qxe5+ Qf6 30. Qe3
Rh5 31. Qd3 Re5 32. Ne2 Be4 33. Qd2 Qd6 34. Qc3 Bxc2 35. Qxc2 Qxb4 36. Nf4 Qd6
37. Qc3 Kh7 38. Qf3 Re1+ 39. Kh2 Qd1 40. Qxd1 Rxd1 0-1

[Event "URS-ch48 Final"]
[Site "Vilnius"]
[Date "1981.01.??"]
[Round "7"]
[White "Vaganian, Rafael A"]
[Black "Psakhis, Lev"]
[Result "1-0"]
[WhiteElo "2565"]
[BlackElo "2500"]
[Annotator "Psakhis,L"]
[PlyCount "78"]
[EventDate "1980.12.25"]
[EventType "tourn"]
[EventRounds "17"]
[EventCountry "LTU"]
[EventCategory "12"]
[SourceTitle "URS-ch"]
[Source "ChessBase"]
[SourceDate "1999.07.01"]
[SourceVersion "1"]
[SourceVersionDate "1999.07.01"]
[SourceQuality "1"]

{This game was played in the 7th round. I had quite a few points - 4 out of 6
- and wanted to improve my position. Unfortunately, after this game I lost a
few more games in succession!} 1. c4 c5 2. Nc3 b6 {At that time I was crazy
about the hedgehog kind of position and was ready to play it in every game.
But the Armenian grandmaster had other ideas} 3. e4 $5 Bb7 4. g3 g6 (4... e6 {
was worth considering.}) 5. Bg2 Bg7 6. Nge2 Nc6 7. d3 d6 8. Be3 Nf6 ({Nowdays
I would prefer} 8... Nd4 9. O-O {and now} Qd7 $5 $13 ({I don't like the
natural move} 9... e6 $143 {because of} 10. Qa4+ Qd7 11. Bxd4 cxd4 (11... Qxa4
12. Bxg7) 12. Nb5)) 9. h3 O-O 10. O-O {Black's position looks OK, but what
plan to choose?} a6 (10... Qd7 11. Qd2 Ne8 12. d4 cxd4 13. Nxd4 Rc8 14. b3 Nc7
15. Rad1 Bxd4 16. Bxd4 b5 17. cxb5 Nxd4 18. Qxd4 Nxb5 19. Nxb5 Qxb5 {Becker,
R-Molzahn,N/corr 2000/IXM/1/2-1/2 (40)}) (10... Ne8 11. d4 cxd4 12. Nxd4 Rc8
13. b3 Nf6 14. Qd2 Rc7 15. Rad1 Nxd4 16. Bxd4 Qa8 17. Rfe1 Bc6) 11. Qd2 $146 (
11. a3 Nd7 12. Rb1 Nd4 13. b4 Rb8 14. f4 e6 15. Bf2 f5 16. Nxd4 cxd4 17. Ne2 e5
18. exf5 Bxg2 19. Kxg2 gxf5 {1/2-1/2 Cekro,E-Genov,P/EUR t-ch Plovdiv 2003/
ChessBase (22)}) 11... e6 (11... Nd7 12. d4 $5) 12. Rac1 (12. d4 cxd4 13. Nxd4
Ne5 {[%cal Ge5d7]}) 12... Re8 (12... Nd7 {[%cal Gc6d4]} 13. d4 $1 cxd4 14. Nxd4
Nce5 15. b3) 13. d4 cxd4 (13... Qc7 $5 {[%cal Ga8d8]}) 14. Nxd4 Ne5 {A good
question is: what is the black bishop doing on g7? The pawn on d6 is quite
weak now.} 15. b3 Qc7 16. f4 Ned7 {[#]} 17. Ndb5 $5 {[%mdl 512] A typical move
for Vaganian! He doesn;t want to improve his position slowly, but prefers just
to crush his opponent.} axb5 18. Nxb5 Qc6 19. Nxd6 {I can't say that liked my
position very much - the knight on d6 is very strong and controls almost all
the board - but it looks that I under-estimated Black's chances!} e5 $5 (19...
Reb8 20. Nxb7 Qxb7 (20... Nxe4 $5) 21. e5 Ne4 22. Qc2 f5 23. exf6 Ndxf6 24.
Rfe1 $16 {[%cal Rg2b7]}) (19... Red8 20. Nxb7 Qxb7 21. e5 Ne4 22. Qc2 f5 23.
exf6 Ndxf6 24. g4 $16) ({Another interesting option could be} 19... Nc5 $5 {
and after} 20. Nxb7 ({or} 20. Nxe8 Nxe8 {[%cal Gc5e4]} 21. e5 $140 Qxg2+ 22.
Qxg2 Bxg2 23. Kxg2 Rxa2+ $13) 20... Ncxe4 21. Qc2 Qxb7 22. Bd4 (22. g4 Qb8 23.
Bxe4 (23. g5 Nd5 $1 24. cxd5 exd5) 23... Nxe4 24. Qxe4 Rxa2 $13) 22... Qc7 23.
Bxe4 Nxe4 24. Qxe4 Bxd4+ 25. Qxd4 Rxa2 $13 {the chances are more or less equal.
}) 20. Rcd1 $5 {[%csl Gd6] Who wants to exchange a great knight for a passive
rook?} (20. Nxe8 Rxe8 $13) 20... Re7 {Too passive. It looks as if I just lost
any control over the situation on the board.} (20... Nc5 $1 {This allows Black
to equalise the game without too much trouble, for example} 21. Nxe8 Qxe8 (
21... Rxe8 $5) 22. Bxc5 bxc5 23. f5 Bxe4 $5 (23... Nxe4 24. Qe3) (23... Qc6 $13
) 24. Bxe4 Nxe4 25. Qe3 Nf6 26. Qxc5 Bf8 $132) 21. f5 $1 Nc5 (21... Rd8 $5 22.
b4 Nf8) (21... Ne8 $5 $15 {Why I didn't make a natural move like}) 22. Bg5 {
[%tqu "En","Your choice?","","","g6f5","",10]} Rf8 {I guess that it was the
last chance for Black to get a good postion. I had to play} (22... gxf5 $142 $1
{not an easy move to make!} 23. Nxf5 (23. Rxf5 $5 Re6 24. Bxf6 (24. b4 $140 $2
Rd8) 24... Bxf6 (24... Rxf6 25. Rxf6 Bxf6 26. Qf2 Nd7 27. Qf5 $36) 25. b4 Be7
$1 $36) (23. Bxf6 Bxf6 24. b4 Nxe4 25. Bxe4 fxe4 26. Rxf6 e3 27. Qd5 Rxa2 $1) (
23. b4 Ncxe4) 23... Rd7 24. Qc2 Nfxe4 25. Ne7+ Rxe7 26. Bxe7 Qg6 $1 {and at
least in this line Black is OK!}) 23. b4 Ncd7 24. a4 $5 {Good. A nice move.
Vaganian got the feeling that I was not happy with my position queenside!
Black just hasn't enough air.} (24. Rf3 $5 {[%cal Gd1f1,Gf3d3]}) 24... Ba8 25.
Kh2 Qxa4 $2 {The game is over after this move.} (25... Rd8 26. Qa2 {[%cal
Ga2f7]}) ({I had to play the simple} 25... Qc7 $5 {but now White has more than
enough compensation for the piece.}) 26. Ra1 Qc6 27. Ra7 $1 $18 {[%csl Rc6]
[%cal Rb4b5] Possibly ( I don't remember! ) I just missed this move. White
wants to play b5 and next Be3 winning the queen - and I didn''t find any
reasonable defence against that simple plan.} Rd8 (27... b5 28. cxb5 Qb6 29.
Rfa1 {[%cal Ga1a6]}) 28. b5 Qc5 29. Be3 $18 Bf8 (29... Bh6 30. Bxh6) 30. fxg6
hxg6 31. Bxc5 Nxc5 32. Rxa8 $1 {The simplest way to victory!} (32. Qa2 $5) (32.
Rxf6 $2 Rxa7) 32... Rxa8 33. Rxf6 Rd7 34. Qd5 (34. Rxf7 $5 Rad8 (34... Rxf7 35.
Nxf7) 35. Rxf8+ Rxf8 36. Qd5+ {also wins very easily}) 34... Rad8 35. Rxg6+ Kh7
36. Rf6 Bg7 (36... Bxd6 37. Rxf7+ Kh8 38. Rxd7 Rxd7 39. h4 $5 (39. Qc6 $18))
37. Rxf7 (37. Qxe5 Bxf6 38. Qxf6 Rxd6 39. Qxf7+ Kh8 40. e5 $18) 37... Rxd6 (
37... Rxf7 38. Qxf7 Rxd6 39. h4) 38. Qxe5 Rg6 39. Qh5+ Rh6 (39... Rh6 40. Rxg7+
Kxg7 41. Qg5+ $18) 1-0